Japanese policy and east Asian security

Đã lưu trong:
書目詳細資料
主要作者: Tsurutani, Taketsugu
格式: 圖書
語言:Undetermined
出版: New York Praeger 1981
主題:
標簽: 添加標簽
沒有標簽, 成為第一個標記此記錄!
Thư viện lưu trữ: Trung tâm Học liệu Trường Đại học Cần Thơ
LEADER 00504nam a2200193Ia 4500
001 CTU_107859
008 210402s9999 xx 000 0 und d
082 |a 355 
082 |b T882 
100 |a Tsurutani, Taketsugu 
245 0 |a Japanese policy and east Asian security 
245 0 |c Taketsugu Tsurutani 
260 |a New York 
260 |b Praeger 
260 |c 1981 
650 |a National security 
650 |z Japan 
904 |i M.Loan 
980 |a Trung tâm Học liệu Trường Đại học Cần Thơ